Citeľné oživenie v regióne

Najväčšie podniky v strednej a juhovýchodnej Európe v roku 2010. Slovenské spoločnosti v rebríčku.

Saved in:
Bibliographic Details
Main Author: Masár, Vladimír
Format: Book Chapter
Language:Slovak
Subjects:
Tags: Add Tag
No Tags, Be the first to tag this record!

MARC

LEADER 00000naa a2200000 4500
001 0136615
005 20231113073333.1
041 0 |a slo 
044 |a SK 
245 1 0 |a Citeľné oživenie v regióne  |c Vladimír Masár 
520 |a Najväčšie podniky v strednej a juhovýchodnej Európe v roku 2010. Slovenské spoločnosti v rebríčku. 
610 2 0 |a podnik 
610 2 0 |a prosperita ekonomická 
610 2 0 |a SVE 
100 1 |a Masár, Vladimír